Es necesaria la ciencia
Guardat en:
| Autor principal: | |
|---|---|
| Format: | Llibre |
| Idioma: | espanyol |
| Publicat: |
Madrid
Espasa Calpe
1990
|
| Col·lecció: | Espasa universidad, 21
|
| Matèries: | |
| Etiquetes: |
Afegir etiqueta
Sense etiquetes, Sigues el primer a etiquetar aquest registre!
|
MARC
| LEADER | 00000nam a2200000 a 4500 | ||
|---|---|---|---|
| 001 | UCY2078 | ||
| 003 | CL-VaPUC | ||
| 008 | 941007e19900000SP |||||||||||||||||spa|d | ||
| 082 | 0 | 4 | |a 501 |b PER |2 21 |
| 100 | 0 | |a Perutz, Max F |e author |9 330139 | |
| 245 | 1 | 0 | |a Es necesaria la ciencia |
| 300 | |a 318 p | ||
| 942 | |c BK | ||
| 945 | |d 19941007 00:00:00 |a mfernand | ||
| 260 | |a Madrid |b Espasa Calpe |c 1990 | ||
| 650 | 0 | |a Filosofía de las ciencias |9 256466 | |
| 650 | 0 | |a Ciencia |9 255691 | |
| 650 | 0 | |a Aspectos sociales |9 254894 | |
| 650 | 7 | |a OBRAS DE DIVULGACION |2 CL-VaPUC |9 267840 | |
| 583 | |a last modification |c 19941007 00:00:00 |k Rodrigo Vera | ||
| 490 | 0 | |a Espasa universidad, 21 | |
| 999 | |c 230586 |d 230584 | ||
| 952 | |0 0 |1 0 |4 0 |6 501_000000000000000_PER_1990 |7 0 |8 A |9 232963 |a BIBCUR |b BIBCUR |d 2019-11-15 |i 3025349 |o 501 PER 1990 |p 3025349 |r 2025-04-22 |w 2019-11-15 |y BK |k FIS | ||